| 000 | 00811cam a22002055a 4500 | ||
|---|---|---|---|
| 001 | L137857 | ||
| 008 | 070502s2007 xxk f 000 0 eng d | ||
| 035 | _a(Sirsi) u137857 | ||
| 041 | 0 | _aeng | |
| 100 | 1 | _aUnger, Paul | |
| 245 | 0 | 0 |
_aRegional _bMerseyside |
| 260 | _c2007 | ||
| 490 | 0 |
_aProperty Week _v72(19) 27 April 2007, 115-138(10) |
|
| 520 | _aDiscusses the development of a new football stadium in Liverpool, the construction of a container terminal in Liverpool and the effects this will have on the city?s shed market, the redevelopment of an artery road leading into Liverpool, and the merging of three of Liverpool?s development agencies. | ||
| 590 | _aKA | ||
| 651 | 4 | _aMERSEYSIDE | |
| 651 | 4 | _aLIVERPOOL | |
| 690 | _aPROPERTY-COMMERCIAL PROPERTY-COMMERCIAL PROPERTY MARKET | ||
| 942 | _n0 | ||
| 999 |
_c106909 _d106909 |
||